008170000a22001930004500090001400000245012200014650002600136650002300162650003900185650002200224651004600246041001300292700002500305100002900330942001300359773007600372999001700448952015800465 aARb0245910aAnnotated checklist of mammals of the Yucatan peninsula, Mexico. IV. carnivora, sirenia, perissodactyla, Artiodactyla14aZoogeografía99308214aMamíferos99251014aDistribución geográfica99299714aEcología992250 4lPenínsula de YucatánpMéxico9927490 aInglés1 aJones, J. Knox994981 aGenoways, Hugh H.993478 cARTICULO1 tOccasional Papers: Museum of Texas Tech University3430h26q1-22d1975 c11526d11526 001040718HEMEROTECAaBogotabBogotad2015-02-27hFuera de circulaciónl0oAR 02459p012866r2015-03-25 00:00:00t1w2015-03-25xDonaciónyARTICULO